First choice: Workbook / Workbook
Shranjeno v:
| Glavni avtor: | |
|---|---|
| Format: | Knjiga |
| Jezik: | English |
| Izdano: |
Oxford :
New York.
2007
|
| Teme: | |
| Oznake: |
Označite
Brez oznak, prvi označite!
|
| Thư viện lưu trữ: | Mạng thư viện Đại học Đà Nẵng |
|---|
| LEADER | 00889nam a22002771a 4500 | ||
|---|---|---|---|
| 001 | 000038147 | ||
| 003 | 14442 | ||
| 005 | 20220907100318.0 | ||
| 008 | 160412s2007 000 | ||
| 020 | |a 9780194305969 | ||
| 041 | |a eng | ||
| 082 | |a 428 |b WI-K | ||
| 100 | |a Wilson,Ken | ||
| 245 | 0 | |a First choice: Workbook / |c Ken Wilson & Tim & Davies |n Workbook | |
| 260 | |c 2007 |a Oxford : |b New York. | ||
| 300 | |a 76tr. : |b ill. ; |c 30 cm. | ||
| 653 | 0 | |a First choice | |
| OWN | |a LNN | ||
| AVA | |a UDN50 |b LNN |c English |d 428WI-K |e available |t Error 5001 Not defined in file expand_doc_bib_avail. |f 1 |g 0 |h N |i 0 |j AN | ||
| 999 | |a From the UDN01 | ||
| AVA | |a UDN50 |b LNN |c English |d 428WI-K |e available |t Error 5001 Not defined in file expand_doc_bib_avail. |f 1 |g 0 |h N |i 0 |j AN | ||
| TYP | |a Monograph | ||
| 980 | |a Mạng thư viện Đại học Đà Nẵng | ||


